The mystery map : Twitch's adventure / by Luna ... Read More
Available copies
- 1 of 1 copy available at LARL/NWRL Consortium.
Current holds
0 current holds with 1 total copy.
Show Only Available Copies
| Location | Call Number / Copy Notes | Barcode | Shelving Location | Status | Due Date |
|---|---|---|---|---|---|
| Hallock Public Library | e VIB (Text) | 35500006920779 | New | Available | - |
Record details
- ISBN: 9798314302040
- Physical Description: 1 volume (unpaged) : color illustrations ; 22 cm
- Publisher: United States : Independently published, 2025.
Search for related items by subject
| Subject: | Rabbits > Juvenile fiction. Adventure stories. Rabbits > Fiction. Adventure and adventurers > Fiction. Rabbits |
| Genre: | Children's stories. |
| LDR | 00967nam a22003017i 4500 | ||
|---|---|---|---|
| 001 | 480221 | ||
| 003 | LARL_NWRL_CONSORTIUM | ||
| 005 | 20260206100902.0 | ||
| 008 | 260206s2025 xxua g 000 1 eng d | ||
| 040 | . | ‡aNRG ‡beng ‡erda ‡cNRG | |
| 020 | . | ‡a9798314302040 ‡q(paperback) | |
| 035 | . | ‡a(OCoLC)1572054707 | |
| 100 | 1 | . | ‡aVibes, Luna, ‡eauthor. |
| 245 | 1 | 4. | ‡aThe mystery map : ‡bTwitch's adventure / ‡cby Luna Vibes. |
| 246 | 3 | . | ‡aTwitch's adventure |
| 264 | 1. | ‡aUnited States : ‡bIndependently published, ‡c2025. | |
| 300 | . | ‡a1 volume (unpaged) : ‡bcolor illustrations ; ‡c22 cm | |
| 336 | . | ‡atext ‡btxt ‡2rdacontent | |
| 336 | . | ‡astill image ‡bsti ‡2rdacontent | |
| 337 | . | ‡aunmediated ‡bn ‡2rdamedia | |
| 338 | . | ‡avolume ‡bnc ‡2rdacarrier | |
| 650 | 0. | ‡aRabbits ‡vJuvenile fiction. ‡0(LARL_NWRL_CONSORTIUM)166996 | |
| 650 | 0. | ‡aAdventure stories. ‡0(LARL_NWRL_CONSORTIUM)12829 | |
| 650 | 1. | ‡aRabbits ‡vFiction. | |
| 650 | 1. | ‡aAdventure and adventurers ‡vFiction. ‡0(LARL_NWRL_CONSORTIUM)175858 | |
| 650 | 7. | ‡aRabbits ‡2fast ‡0(LARL_NWRL_CONSORTIUM)29253 | |
| 655 | 0. | ‡aChildren's stories. | |
| 901 | . | ‡a480221 ‡bAUTOGEN ‡c480221 ‡tbiblio | |

Add to basket
Permalink
Disable Highlighting